<?xml version="1.0" encoding="UTF-8"?>
<record
    xmlns:xsi="http://www.w3.org/2001/XMLSchema-instance"
    xsi:schemaLocation="http://www.loc.gov/MARC21/slim http://www.loc.gov/standards/marcxml/schema/MARC21slim.xsd"
    xmlns="http://www.loc.gov/MARC21/slim">

  <leader>00944nam a2200229 i 4500</leader>
  <controlfield tag="001">184029</controlfield>
  <controlfield tag="003">ES-MaACL</controlfield>
  <controlfield tag="005">20231115130039.0</controlfield>
  <controlfield tag="008">150223r20051934sp |         |||| ||spa d</controlfield>
  <datafield tag="080" ind1=" " ind2=" ">
    <subfield code="a">94(460.184 Benavente)(089.3)</subfield>
  </datafield>
  <datafield tag="245" ind1="0" ind2="0">
    <subfield code="a">Bellezas y riquezas de Benavente.</subfield>
  </datafield>
  <datafield tag="246" ind1="0" ind2=" ">
    <subfield code="i">Subt&#xED;t. de la cub.</subfield>
    <subfield code="a">Fiesta del libro, fiestas de septiembre, a&#xF1;o de 1934</subfield>
  </datafield>
  <datafield tag="260" ind1=" " ind2=" ">
    <subfield code="a">Benavente : </subfield>
    <subfield code="b">Centro de Estudios Benaventanos "Ledo del Pozo", </subfield>
    <subfield code="c">2005.</subfield>
  </datafield>
  <datafield tag="300" ind1=" " ind2=" ">
    <subfield code="a">77 p. ; </subfield>
    <subfield code="c">22 cm.</subfield>
  </datafield>
  <datafield tag="534" ind1=" " ind2=" ">
    <subfield code="p">Reprod. de la ed. de: </subfield>
    <subfield code="c">Benavente : Tipograf&#xED;a de A. Guerra, [1934]</subfield>
  </datafield>
  <datafield tag="651" ind1=" " ind2="4">
    <subfield code="a">Benavente-</subfield>
    <subfield code="x">Historia.</subfield>
    <subfield code="9">156156</subfield>
  </datafield>
  <datafield tag="710" ind1="2" ind2=" ">
    <subfield code="a">Centro de Estudios Benaventanos "Ledo del Pozo"</subfield>
    <subfield code="9">144530</subfield>
  </datafield>
  <datafield tag="852" ind1=" " ind2=" ">
    <subfield code="a">ES-MaACL</subfield>
    <subfield code="j">A-13404 </subfield>
    <subfield code="9">190995</subfield>
    <subfield code="b">R.150351</subfield>
    <subfield code="c">DEPO1</subfield>
    <subfield code="d">Olim: N-6404</subfield>
    <subfield code="h">Donaci&#xF3;n: Centro de estudios benaventanos</subfield>
  </datafield>
  <datafield tag="914" ind1=" " ind2=" ">
    <subfield code="9">144530</subfield>
    <subfield code="a">Centro de Estudios Benaventanos "Ledo del Pozo"</subfield>
    <subfield code="e">dnr</subfield>
  </datafield>
  <datafield tag="942" ind1=" " ind2=" ">
    <subfield code="2">udc</subfield>
    <subfield code="c">MONOGRAFIA</subfield>
  </datafield>
  <datafield tag="999" ind1=" " ind2=" ">
    <subfield code="c">184029</subfield>
    <subfield code="d">184029</subfield>
  </datafield>
  <datafield tag="952" ind1=" " ind2=" ">
    <subfield code="0">0</subfield>
    <subfield code="1">0</subfield>
    <subfield code="2">udc</subfield>
    <subfield code="4">0</subfield>
    <subfield code="7">0</subfield>
    <subfield code="a">ATENEOM</subfield>
    <subfield code="b">ATENEOM</subfield>
    <subfield code="c">DEPO1</subfield>
    <subfield code="d">2015-02-23</subfield>
    <subfield code="e">DONACION</subfield>
    <subfield code="l">0</subfield>
    <subfield code="o">A-113404</subfield>
    <subfield code="p">1193516</subfield>
    <subfield code="r">2023-02-23 00:00:00</subfield>
    <subfield code="w">2023-02-23</subfield>
    <subfield code="y">MONOGRAFIA</subfield>
  </datafield>
</record>
